| 000 | 00530nam a2200205 a 4500 | ||
|---|---|---|---|
| 001 | 0001-1535 | ||
| 003 | ELIB.Books | ||
| 008 | 170523 2010 eng | ||
| 020 | _a1587431645 | ||
| 092 |
_a266 Hir _bAla |
||
| 100 | _aHirsch, Alan. | ||
| 245 |
_aThe Forgotten Ways _bReactivating the Missional Church |
||
| 260 |
_aGrand Rapids _bBrazos Press _c2006 |
||
| 300 |
_a295 _c22.5cm |
||
| 650 | _aChurch | ||
| 942 |
_2ddc _cBK |
||
| 990 | _a1 | ||
| 998 |
_aEnglishbooks.elf _ccat _e2017-05-23 |
||
| 999 |
_c11535 _d11535 |
||